South American Geography By Letter - F - Statistics

General Stats
  • This quiz has been taken 56 times
    36 since last reset
  • The average score is 7 of 16
Answer Stats
Clue Answer % Correct
English Territory of the coast of Argentina Falkland Islands
100%
Language spoken above French
97%
French Territory in Northern South America French Guiana
87%
These pink birds are found all over the continent Flamingo
83%
The capital of the northeastern Brazilian state of Ceará. It's known for its beaches. Fortaleza
60%
Name one of the top three names for boys and girls in South America Felipe|Fernando|Francisco|Florencia|Fernanda|Francisco
47%
Chile is home to many of this landform, especially in the south Fjord
43%
Chile's third main export Fish
37%
Third most common surname in South America Fernandez
33%
A department of Uruguay, positioned in the southwest of the central part of the country. Its capital is Trinidad. Flores
23%
The capital and second largest city of the state of Santa Catarina, in the South region of Brazil Florianópolis
20%
A mountain in Patagonia on the border of Argentina and Chile Fitz Roy
13%
Nicknamed "El Tigre", this footballer is considered one of the greatest Colombian footballers of all time Radamel Falcao
13%
Northern Argentinian city on the Paraguay river opposite the Paraguayan city of Alberdi. Formosa
10%
Also known as pineapple guava, this is a fruit that comes from Acca sellowiana, a small tree or shrub that can be found mostly in southern Brazil, northern Argentina, western Paraguay, and Uruguay. Feijoa
0%
Brazil's fifth main export Frozen Bovine Meat
0%
No matching quizzes found
Score Distribution
Percent of People with Each Score
Percentile by Number Answered
Your Score History
You have not taken this quiz since the last reset